Sexto informe de actividades : 2006-2007 [de José Trinidad Padilla López ] /

שמור ב:
מידע ביבליוגרפי
מחבר תאגידי: Universidad de Guadalajara. Rector. 2001-2007 (Padilla López)
מחברים אחרים: Padilla López, José Trinidad (autor) (autor)
פורמט: אלקטרוני
שפה:ספרדית
יצא לאור: Guadalajara, México : Universidad de Guadalajara, 2007, c2007
נושאים:
תגים: הוספת תג
אין תגיות, היה/י הראשונ/ה לתייג את הרשומה!

MARC

LEADER 00000nmm^a2200000^a^4500
001 000264204
005 20250521000000.0
009 20260310110637.909
025 |a Donación sin dato, 1 ejemplar 
037 |a Acervo ITESO - Biblioteca 
041 |a ESP 
082 |a 378. 72352  |b UNI UdeG-ir 2007 
110 |a Universidad de Guadalajara.  |b Rector. 2001-2007 (Padilla López) 
240 1 1 |a [Informe de Rector] 
240 1 1 |a [Sexto informe de actividades: 2006-2007] 
245 1 0 |a Sexto informe de actividades :  |b 2006-2007 [de José Trinidad Padilla López ] /  |c J.T. Padilla López. 
264 4 |a Guadalajara, México :  |b Universidad de Guadalajara,  |c 2007, c2007 
300 |a 1 libro electrónico en disco 
300 |a 1 disco compacto de computadora +  |e 1 cuadríptico 
336 |a datos para computadora  |b cod  |2 rdacontenido 
337 |a computadora  |b c  |2 rdamedio 
338 |a disco de computadora  |b cd  |2 rdasoporte 
530 |a Existe una edición en formato impreso con el mismo título 
649 |a XX 
650 |a Rectores Jaliscienses -  |x Informes -  |x Tema Principal 
650 |a Rectores Mexicanos -  |x Informes 
650 |a Autoridades Escolares -  |z Guadalajara, Jalisco -  |x Informes 
650 |a Autoridades Escolares -  |z México -  |x Informes 
650 |a Administración Educativa -  |z Guadalajara, Jalisco 
650 |a Administración Educativa -  |z México 
650 |a Universidad de Guadalajara -  |x Tema Principal 
650 |a Universidades Públicas -  |z Guadalajara, Jalisco 
650 |a Universidades Públicas -  |z Jalisco 
650 |a Universidades Públicas -  |z México 
650 |a Instituciones Educativas -  |z Guadalajara, Jalisco 
650 |a Instituciones Educativas -  |z Jalisco 
650 |a Instituciones Educativas -  |z México 
650 |a Educación Pública -  |z Guadalajara, Jalisco 
650 |a Educación Pública -  |z Jalisco 
650 |a Educación Pública -  |z México 
650 |a Educación Superior -  |z Guadalajara, Jalisco -  |x Historia -  |y 2000-2006 
650 |a Educación Superior -  |z Guadalajara, Jalisco -  |y Siglo XXI 
650 |a Educación Superior -  |z Jalisco -  |x Historia -  |y 2000-2006 
650 |a Educación Superior -  |z Jalisco -  |x Historia -  |y Siglo XXI 
650 |a Educación Superior -  |z México -  |x Historia -  |y 2000-2006 
650 |a Educación Superior -  |z México -  |x Historia -  |y Siglo XXI 
700 |a Padilla López, José Trinidad  |e (autor) 
910 |a Fondo General 
920 |a Electrónicos - Recursos en Disco 
905 |a 207 
901 |a 0500145901  |b IT2  |c SWS  |i D  |u 20250521 
901 |a 0500246038  |b IT2  |c SAS  |u 20250521 
902 |a https://opac.biblio.iteso.mx/vufind/Record/000264204